Ligue Europa 2022-2023 groupes - Statistiques

Statistiques générales
  • Ce quiz a été pris 39 fois
  • Le résultat moyen est 19 sur 32
Statistiques - réponses
Pays Clubs % Correct
France Stade rennais
97%
Groupe A Angleterre Arsenal
89%
France AS Monaco
83%
Pays-Bas PSV Eindhoven
83%
France FC Nantes
80%
Groupe C Italie AS Roma
74%
Groupe F Italie Lazio Rome
74%
Groupe E Angleterre Manchester United
74%
Groupe B Ukraine Dynamo Kiev
69%
Turquie Fenerbahçe SK
69%
Espagne Real Betis
66%
Groupe D Portugal Sporting Clube de Braga
66%
Pays-Bas Feyenoord Rotterdam
63%
Espagne Real Sociedad
60%
Azerbaïdjan Qarabağ FK
57%
Allemagne Union Berlin
57%
Groupe H Serbie Étoile rouge de Belgrade
54%
Suède Malmö FF
54%
Groupe G Grèce Olympiakos
54%
Allemagne SC Fribourg
54%
Suisse Zurich
54%
Norvège FK Bodø/Glimt
51%
Turquie Trabzonspor
51%
Chypre Omónia Nicosie
49%
Belgique Royale Union saint-gilloise
49%
Moldavie Sheriff Tiraspol
46%
Hongrie Ferencváros TC
43%
Bulgarie PFK Ludogorets Razgrad
34%
Autriche SK Sturm Graz
34%
Chypre AEK Larnaca
29%
Finlande Helsingin Jalkapalloklubi
29%
Danemark FC Midtjylland
20%
Aucun quiz correspondant
Distribution des résultats
% des personnes avec chaque résultat
Percentile par nombre de réponses
Votre historique - résultats
Vous n’avez pas pris ce quiz